Statistics for Most-Searched Pre-modern people on Wikipedia

Click here to take the quiz!

General Stats

  • This quiz has been taken 35 times
  • The average score is 13 of 28

Answer Stats

Views in millionsTimePeople% Correct
554 BC − 30/33 ADJesus
93%
45100 – 44 BCJulius Caesar
90%
2069 – 30 BCCleopatra
80%
47570 – 623 ADMuhammad
77%
51356 – 323 BCAlexander the Great
70%
2463 BC – AD 14Augustus
67%
24742/748 – 814 ADCharlemagne
63%
26470/469 – 399 BCSocrates
63%
32384 – 322 BCAristotle
60%
401162 – 1227 ADGenghis Khan
60%
346th – 4th centuries BCGautama Buddha
57%
28428/427 or 424/423 – 348/347 BCPlato
57%
24c. 1341 – c. 1323 BCTutankhamun
53%
271412 – 1431 ADJoan of Arc
50%
2137 AD – 68 ADNero
50%
17551 – 479 BCConfucius
43%
2214th – 13th centuries BCMoses
43%
17247 – 183/181 BCHannibal
37%
1719th – 17th centuries BCAbraham
30%
285th – 6th centuries ADKing Arthur
23%
2012 AD – 41 ADCaligula
20%
221254 – 1324 ADMarco Polo
20%
171010 - 970 BCDavid
17%
26111 – 71 BCSpartacus
13%
221270 – 1305 ADWilliam Wallace
10%
19c. 848-899 ADAlfred the Great
7%
2012th – 14th centuries ADRobin Hood
7%
249th century ADRagnar Lodbrok
3%

Score Distribution

Percentile by Number Answered

Percent of People with Each Score

Your Score History

You have not taken this quiz